| 000 | 01496cam a22003138a 4500 | ||
|---|---|---|---|
| 001 | 15003862 | ||
| 005 | 20070925093312.0 | ||
| 008 | 070912s2008 mau 000 0 eng | ||
| 010 | _a 2007037640 | ||
| 020 | _a9780205486694 | ||
| 020 | _a020548669X | ||
| 040 |
_aDLC _cDLC |
||
| 050 | 0 | 0 |
_aBF637.N66 _bR53 2008 |
| 082 | 0 | 0 |
_a153.69 _222 _bRIC |
| 100 | 1 |
_aRichmond, Virginia P., _d1949- _94721 |
|
| 245 | 1 | 0 |
_aNonverbal behavior in interpersonal relations / _cVirginia Peck Richmond, James C. McCroskey, and Mark Hickson, III. |
| 250 | _a6th ed. | ||
| 260 |
_aBoston : _bPearson Education, _cc2008. |
||
| 300 |
_axviii, 366 p. : _bill.; _c24 cm. |
||
| 504 | _aIncludes bibliographical references and index. | ||
| 505 | 0 | _aCommunication and nonverbal behavior -- Physical appearance -- Gesture and movement -- Facial behavior -- Eye behavior -- Vocal behavior -- Space and territoriality -- Touch and communication -- Environment and physical surroundings -- Time -- Immediacy and communication. | |
| 650 | 0 |
_aBody language. _94722 |
|
| 650 | 0 |
_aInterpersonal relations. _94723 |
|
| 700 | 1 |
_aMcCroskey, James C. _94724 |
|
| 700 | 1 |
_aHickson, Mark. _94725 |
|
| 942 |
_2ddc _cBB |
||
| 999 |
_c11527 _d11527 |
||